|
|
|
|
| LEADER |
03353nam a2200457 i 4500 |
| 001 |
34732 |
| 003 |
BD-DhAAL |
| 005 |
20221101105728.0 |
| 008 |
190618t2014 mauab b 001 0 eng c |
| 999 |
|
|
|c 40774
|d 40774
|
| 010 |
|
|
|a 2014006379
|
| 020 |
|
|
|a 9780674979833
|
| 020 |
|
|
|a 9780674052895 (alkaline paper)
|
| 020 |
|
|
|a 9780674985629
|
| 040 |
|
|
|a ICU/DLC
|b eng
|c ICU
|e rda
|d DLC
|d BD-DhAAL
|
| 050 |
0 |
0 |
|a DS383.5.A2
|b J338 2014
|
| 082 |
0 |
0 |
|a 954.9104
|2 23
|
| 100 |
1 |
|
|a Jalal, Ayesha
|9 32618
|
| 245 |
1 |
4 |
|a The struggle for Pakistan :
|b a Muslim homeland and global politics /
|c Ayesha Jalal.
|
| 260 |
|
|
|a Cambridge, Massachusetts :
|b The Belknap Press of Harvard University Press,
|c c2014.
|
| 300 |
|
|
|a xii, 435 pages :
|b illustrations, maps ;
|c 24 cm.
|
| 504 |
|
|
|a Includes bibliographical references and index.
|
| 505 |
0 |
|
|a Prologue: 'speak, for your lips are free' -- From minority to nation -- Truncated state, divided nation -- A sprawling military barrack -- Pitfalls of martial rule -- Toward the watershed of 1971 -- The rise and fall of populism -- Martial rule in an Islamic garb -- Democracy restored? -- A geostrategic riddle -- Entangled endgames -- Epilogue: overcoming terror.
|
| 526 |
|
|
|a ENH, GenEd
|
| 541 |
|
|
|a Trim Education, Paragon Enterprises Ltd.
|e 34732, 37437, 37438, 37355, 37356, 37357, 39921
|
| 650 |
|
0 |
|a Civil-military relations
|z Pakistan.
|9 32619
|
| 650 |
|
0 |
|a Democracy
|z Pakistan.
|9 32620
|
| 650 |
|
0 |
|a Islam and politics
|z Pakistan.
|9 32621
|
| 650 |
|
0 |
|a Islam and state
|z Pakistan.
|9 32622
|
| 650 |
|
0 |
|a Geopolitics
|z Pakistan.
|9 32623
|
| 651 |
|
0 |
|a Pakistan
|x History.
|9 32624
|
| 651 |
|
0 |
|a Pakistan
|x Politics and government.
|9 32625
|
| 852 |
|
|
|a Ayesha Abed Library
|c General Stacks
|
| 942 |
|
|
|2 ddc
|c BK
|
| 952 |
|
|
|0 0
|1 0
|2 ddc
|4 1
|6 954_910400000000000_JAL
|7 0
|9 65563
|a BRACUL
|b BRACUL
|c GEN
|d 2019-06-16
|e Trim Education
|g 1840.00
|l 3
|m 9
|o 954.9104 JAL
|p 3010034732
|r 2023-04-02
|s 2022-03-21
|t 6
|v 1840.00
|w 2019-06-16
|y BK
|
| 952 |
|
|
|0 0
|1 0
|2 ddc
|4 0
|6 954_910400000000000_JAL
|7 0
|9 69131
|a SCL
|b SCL
|c GEN
|d 2020-12-08
|e Book Finder International
|g 1198.00
|l 11
|m 3
|o 954.9104 JAL
|p 3020037356
|r 2024-12-22
|s 2024-12-07
|t 2
|v 1198.00
|w 2020-12-08
|y BK
|x Received during COVID-19 pandemic
|
| 952 |
|
|
|0 0
|1 0
|2 ddc
|4 0
|6 954_910400000000000_JAL
|7 0
|9 69132
|a SCL
|b SCL
|c GEN
|d 2020-12-08
|e Book Finder International
|g 1198.00
|l 7
|m 4
|o 954.9104 JAL
|p 3020037357
|r 2025-08-19
|s 2025-08-19
|t 3
|v 1198.00
|w 2020-12-08
|y BK
|x Received during COVID-19 pandemic
|
| 952 |
|
|
|0 0
|1 0
|2 ddc
|4 0
|6 954_910400000000000_JAL
|7 0
|9 69133
|a SCL
|b SCL
|c GEN
|d 2020-12-08
|e Book Finder International
|g 1198.00
|l 5
|m 2
|o 954.9104 JAL
|p 3020037355
|r 2025-05-13
|s 2025-05-02
|t 1
|v 1198.00
|w 2020-12-08
|y BK
|x Received during COVID-19 pandemic
|
| 952 |
|
|
|0 0
|1 0
|2 ddc
|4 0
|6 954_910400000000000_JAL
|7 0
|9 69147
|a SCL
|b SCL
|c GEN
|d 2020-12-08
|e 1
|g 1915.00
|l 5
|m 11
|o 954.9104 JAL
|p 3020037438
|r 2025-05-04
|s 2025-05-04
|t 5
|v 1915.00
|w 2020-12-08
|y BK
|x Received during COVID-19 pandemic
|
| 952 |
|
|
|0 0
|1 0
|2 ddc
|4 0
|6 954_910400000000000_JAL
|7 0
|9 69148
|a SCL
|b SCL
|c GEN
|d 2020-12-08
|e Trim Education
|g 1915.00
|l 10
|m 3
|o 954.9104 JAL
|p 3020037437
|r 2025-10-13
|s 2025-03-19
|t 4
|v 1915.00
|w 2020-12-08
|y BK
|x Received during COVID-19 pandemic
|
| 952 |
|
|
|0 0
|1 0
|2 ddc
|4 0
|6 954_910400000000000_JAL
|7 0
|9 72152
|a SCL
|b SCL
|c GEN
|d 2022-10-24
|e Paragon Enterprises LTD
|g 1900.00
|l 10
|m 3
|o 954.9104 JAL
|p 3020039921
|r 2025-10-29
|s 2025-10-23
|t 7
|v 1900.00
|w 2022-10-24
|y BK
|